000 00529nam a2200181Ia 4500
003 GCL
008 140319s9999 xx 000 0 ara d
040 _aGCL /
_cGCL
082 0 4 _a817.9
_bج ط
100 1 _aجمال بركات
245 1 0 _aطرائف دبلوماسية /
_cجمال بركات
260 _a[S.N] :
_bمركز الاهرام للترجمة والنشر ،
_c1992
300 _a104 ص
490 _a
650 0 4 _aالادب العربى
650 0 4 _aالاهاجى والفكاهات
942 _2ddc
_cBK
999 _c29739
_d29739